La philosophie penale / (Record no. 166048)
[ view plain ]
| 000 -LEADER | |
|---|---|
| campo de control de longitud fija | 00708nam a22002175i 4500 |
| 001 - NÚMERO DE CONTROL | |
| campo de control | 166048 |
| 003 - IDENTIFICADOR DE NÚMERO DE CONTROL | |
| campo de control | ES-MaACL |
| 005 - FECHA Y HORA DE LA ÚLTIMA TRANSACCIÓN | |
| campo de control | 20250804081753.0 |
| 008 - DATOS DE LONGITUD FIJA--INFORMACIÓN GENERAL | |
| campo de control de longitud fija | 050920s1905 fr | |||||||| ||fre d |
| 040 ## - FUENTE DE CATALOGACIÓN | |
| Centro catalogador/agencia de origen | CAM |
| Lengua de catalogación | spa |
| Centro/agencia transcriptor | CAM |
| 100 1# - ENTRADA PRINCIPAL--NOMBRE DE PERSONA | |
| Nombre de persona | Tarde, Gabriel de, |
| Fechas asociadas al nombre | 1843-1904 |
| 9 (RLIN) | 133127 |
| 245 13 - MENCIÓN DEL TÍTULO | |
| Título | La philosophie penale / |
| Mención de responsabilidad, etc. | par G. Tarde. |
| 250 ## - MENCION DE EDICION | |
| Mención de edición | 4e éd. |
| 260 ## - PUBLICACIÓN, DISTRIBUCIÓN, ETC. | |
| Lugar de publicación, distribución, etc. | Paris : |
| Nombre del editor, distribuidor, etc. | A. Maloine, |
| Fecha de publicación, distribución, etc. | 1905. |
| 300 ## - DESCRIPCIÓN FÍSICA | |
| Extensión | 578 p. ; |
| Dimensiones | 25 cm. |
| 650 #7 - PUNTO DE ACCESO ADICIONAL DE MATERIA--TÉRMINO DE MATERIA | |
| Término de materia o nombre geográfico como elemento de entrada | Derecho penal- |
| Subdivisión general | Filosofía |
| Fuente del encabezamiento o término | |
| 9 (RLIN) | 11756 |
| 700 1# - ENTRADA AGREGADA--NOMBRE PERSONAL | |
| Nombre de persona | Maloine, A., |
| Término indicativo de función/relación | |
| 9 (RLIN) | 129395 |
| 752 ## - ENTRADA AGREGADA--NOMBRE JERÁRQUICO DEL LUGAR | |
| País o entidad superior | Francia - |
| Ciudad | París |
| 852 ## - LOCALIZACIÓN | |
| Ubicación | ES-MaACL |
| Número de control de estantería | D-113 |
| Nota libre | -- Enc. pasta española |
| -- | -- En la port. banderilla con el nombre del editor |
| Estatus retirado | Estado de pérdida | Estado de daño | No para préstamo | Biblioteca de origen | Biblioteca actual | Ubicación en estantería | Fecha de adquisición | Fuente de adquisición | Total de préstamos | Signatura topográfica completa | Código de barras | Visto por última vez | Precio de reemplazo | Tipo de ítem Koha |
|---|---|---|---|---|---|---|---|---|---|---|---|---|---|---|
| Biblioteca del Ateneo de Madrid | Biblioteca del Ateneo de Madrid | Sala Valle Inclán | 17/01/2008 | D-113 | 901174141 | 23/02/2023 | 23/02/2023 | Libro impreso |
